000 00861nam a2200229 a 4500
001 BRCA_1812
005 20190320203547.0
008 810211s1955 mx-a---###---#001-0dspa-#
050 4 _aNA5257.A2
_b.M33 1955
100 1 _aMac Gregor, Luis
_95641
245 1 0 _aActopan
_cpor Luis Mac Gregor.
260 _aMéxico
_bINAH : SEP
_c1955
300 _axiii, 211 p.
_bil., mapas, planos, fotos
_c32 cm.
440 0 _aMemorias del Instituto Nacional de Antropología e Historia
_v4
_95642
500 _aIncluye índice onomástico e índice de ilustraciones
500 _aColección Sonia Corcuera de Mancera
504 _aBibliografía: p. [xi]-xiii
610 2 4 _aActopan (México)
_bSan Nicolás de Tolentino (Augustinian monastery)
_95643
610 2 4 _aActopan (México)
_bSan Nicolás de Tolentino (Monasterio Agustino)
_95644
902 _aDSC
942 _2lcc
_cB
999 _c1593
_d1593